Arte chino (Record no. 515)

MARC details
000 -CABECERA
campo de control de longitud fija 00731nam a2200193 a 4500
001 - NÚMERO DE CONTROL
campo de control BRCA_587
005 - FECHA Y HORA DE LA ÚLTIMA TRANSACCIÓN
campo de control 20190320203056.0
008 - DATOS DE LONGITUD FIJA--INFORMACIÓN GENERAL
campo de control de longitud fija 100408s1998----mx-a---###---#000-0#spa-#
050 #4 - SIGNATURA TOPOGRÁFICA DE LA BIBLIOTECA DEL CONGRESO
Número de clasificación N7343.5
Número de documento/Ítem .S45 1998
100 1# - ENTRADA PRINCIPAL--NOMBRE DE PERSONA
Nombre de persona Seligson, Silvia
9 (RLIN) 2021
245 10 - MENCIÓN DE TÍTULO
Título Arte chino
Resto del título idea y símbolo : colecciones mexicanas
Mención de responsabilidad, etc. Silvia Seligson ; fotografía Carlos Blanco.
260 ## - PUBLICACIÓN, DISTRIBUCIÓN, ETC.
Lugar de publicación, distribución, etc. México
Nombre del editor, distribuidor, etc. Museo Nacional de las Culturas
Fecha de publicación, distribución, etc. 1998
300 ## - DESCRIPCIÓN FÍSICA
Extensión 47 p.
Otras características físicas il. a color
Dimensiones 20 cm.
500 ## - NOTA GENERAL
Nota general Catálogo de la exposición realizada en el Museo Nacional de las Culturas (Ciudad de México), diciembre 1998
500 ## - NOTA GENERAL
Nota general Incluye glosario
650 14 - PUNTO DE ACCESO ADICIONAL DE MATERIA--TÉRMINO DE MATERIA
Término de materia o nombre geográfico como elemento de entrada Arte chino
Subdivisión general Colecciones privadas
Subdivisión geográfica México
9 (RLIN) 2022
700 1# - PUNTO DE ACCESO ADICIONAL--NOMBRE DE PERSONA
Nombre de persona Blanco, Carlos
9 (RLIN) 2023
942 ## - ELEMENTOS DE PUNTO DE ACCESO ADICIONAL (KOHA)
Fuente del sistema de clasificación o colocación Library of Congress Classification
Tipo de ítem Koha Libros
Holdings
Estado de retiro Estado de pérdida Estado dañado No para préstamo Localización permanente Ubicación/localización actual Fecha de adquisición Total de préstamos Signatura topográfica completa Código de barras Fecha visto por última vez Precio válido a partir de Tipo de ítem Koha
El ejemplar forma parte de la colección y puede ser consultado según las políticas vigentes.       Biblioteca del Museo Franz Mayer (Rogerio Casas-Alatriste) Biblioteca del Museo Franz Mayer (Rogerio Casas-Alatriste) 25/06/2008   N7343.5 .S45 1998 00903 22/03/2019 22/03/2019 Libros